Halott Sirály? Zelk Zoltán Sirály című versének értelmezése /
Zelk Új versek alcímet viselő kötetét nagy várakozás előzte meg, hiszen az előző gyűjtemény sok évvel korábban jelent meg, s az időközben az 1956-os forradalom után bebörtönzött költőt sokan az ez idő tájt jellemzővé vált értelmiségi sors egyik sokat szenvedett példájának tekintették. A politikai fo...
Elmentve itt :
| Szerző: | |
|---|---|
| Dokumentumtípus: | Cikk |
| Megjelent: |
2009
|
| Sorozat: | Iskolakultúra
19 No. 7-8 |
| Online Access: | http://misc.bibl.u-szeged.hu/42461 |
| LEADER | 01232nab a2200181 i 4500 | ||
|---|---|---|---|
| 001 | misc42461 | ||
| 005 | 20191106140617.0 | ||
| 008 | 180706s2009 hu o 0|| zxx d | ||
| 022 | |a 1215-5233 | ||
| 040 | |a SZTE Miscellanea Repozitórium |b hun | ||
| 041 | |a zxx | ||
| 100 | 1 | |a Hoványi Márton | |
| 245 | 1 | 0 | |a Halott Sirály? |h [elektronikus dokumentum] : |b Zelk Zoltán Sirály című versének értelmezése / |c Hoványi Márton |
| 260 | |c 2009 | ||
| 300 | |a 120-126 | ||
| 490 | 0 | |a Iskolakultúra |v 19 No. 7-8 | |
| 520 | 3 | |a Zelk Új versek alcímet viselő kötetét nagy várakozás előzte meg, hiszen az előző gyűjtemény sok évvel korábban jelent meg, s az időközben az 1956-os forradalom után bebörtönzött költőt sokan az ez idő tájt jellemzővé vált értelmiségi sors egyik sokat szenvedett példájának tekintették. A politikai fogságot csak tetézte feleségének és anyjának halála, amit a kritika intenzíven összekötött a Sirály és a kötet egészének tematikájával. A nyilvánvalóan adott keletkezéstörténeti sajátosság azonban talán túlságosan is rátelepedett a kritikai megítélésre. | |
| 856 | 4 | 0 | |u http://misc.bibl.u-szeged.hu/42461/1/8_EPA00011_iskolakultura_2009-7-8.pdf |z Dokumentum-elérés |